00454nam a2200133Ia 4500082001200000100001700012245012800029260002400157300001200181650003500193650003200228650001700260710004300277 aRR.0083 aRudra, Ashok 0aOn the interlinkage of land, labour and credit relations in agriculture :bAn analysis of village survey data in East India c0bICSSR, New Delhi a37+10p. aAGRICULTURAL LABOURERS - INDIA aAGRICULTURAL CREDIT - INDIA aLAND - INDIA aIndian Statistical Institute, Calcutta